Word Ladder: '70s Song II Quiz Stats

 Plays Quiz Updated Oct 20, 2018

Score 0/30 Timer 03:00
4 Plays Today
Clue Word % Correct
Hand out the cardsDEAL
97.9%
'From Russia ____ Love'•WITH•
97.8%
Head of a collegeDEAN
97.4%
1.6 kilometersMILE
97%
Don't blow out the candles till you've made oneWISH
96.1%
Hewlett-Packard competitorDELL
95%
Pickle varietyDILL
94.6%
Liver outputBILE
94.6%
Belonging to that girl•HERS•
93.9%
Dust dwellerMITE
93%
Pelican's pride•BILL•
92.1%
Not thereHERE
91.9%
Monetary penaltyFINE
91.7%
Number of NYC boroughsFIVE
90.8%
Enemy of the JediSITH
90.6%
Clue Word % Correct
Internet landing spotSITE
90.4%
Like the magi who visited JesusWISE
86.8%
Add to the payrollHIRE
86.7%
Same day money transferWIRE
85.4%
CluckersHENS
84.9%
Happening right nowLIVE
83.3%
Nickname for Miami's NFL teamFINS
81.5%
MarshesFENS
75.4%
'Time is __ __ side'ON MY
66%
Harry Potter's motherLILY
64.2%
The 'O' of CD-ROMONLY
61.4%
Roman historianLIVY
60%
Like body builders on stageOILY
57.9%
With [last rung], first part of a 1972 song title•LEAN•
37.9%
With [first rung], second part of a 1972 song title•ON ME•
34.4%

Today's Daily Dose

You're not logged in!

Compare scores with friends on all Sporcle quizzes.
OR
Log In

Sporcle TV

Today on Sporcle TV


Watch our educational content, quiz creation guides, and fun videos on Sporcle TV.

Show Comments

Extras

Top Quizzes Today


Score Distribution

Your Account Isn't Verified!

In order to create a playlist on Sporcle, you need to verify the email address you used during registration. Go to your Sporcle Settings to finish the process.

Report this User

Report this user for behavior that violates our Community Guidelines.

Details: